| 000 | 00841nam a2200253 i 4500 | ||
|---|---|---|---|
| 001 | bg | ||
| 100 | 1 | _aKOLEGOWICZ, Konrad | |
| 245 | 1 | 0 |
_aAspekty ekonomiczno-prawne kosztów pracy w Polsce / _cKonrad Kolegowicz, Beata Kulisa, Anna Nehring. |
| 260 |
_aKraków : _bWydaw. Akademii Ekonomicznej, _c2004. |
||
| 300 |
_a83 s. : _btab., wykr. ; _c24 cm. |
||
| 504 | _aBibliogr. s. 80-82, wykaz aktów prawnych s. 82-83. | ||
| 650 | 9 |
_aKoszty pracy _xteoria |
|
| 650 | 9 |
_aKoszty pracy _zPolska _yod 1989 r. |
|
| 700 | 1 | _aKULISA, Beata | |
| 700 | 1 | _aNEHRING, Anna | |
| 020 | _a8372521964 | ||
| 040 | _cBPK | ||
| 041 | 0 | _apol | |
| 080 | _a331.101.26(438)"1989/..." | ||
| 920 | _a83-7252-196-4 | ||
| 942 | _cKS | ||
| 008 | s pl f |000 0 pol | ||
| 999 |
_c45596 _d45596 |
||
| 856 |
_uhttp://koha.tu.koszalin.pl/cgi-bin/koha/opac-detail.pl?biblionumber=45596 _yKatalog online BPK |
||